[Event "SCO National Chess Online"]
[Site "chess.com INT"]
[Date "2022.11.19"]
[Round "7"]
[White "Wei Yi"]
[Black "Maghsoodloo,Parham"]
[Result "1/2-1/2"]
[WhiteElo "2722"]
[BlackElo "2720"]

1.d4 d5 2.c4 e6 3.Nc3 Bb4 4.a3 Bxc3+ 5.bxc3 Nf6 6.cxd5 exd5 7.e3 c5 8.Bd3 O-O
9.Ne2 b6 10.O-O Ba6 11.f3 Re8 12.Ng3 Bxd3 13.Qxd3 Nc6 14.Bb2 h5 15.Rae1 cxd4
16.cxd4 h4 17.Nf5 h3 18.g4 Ne7 19.Ng3 Qd7 20.Rf2 Nh7 21.Qf1 Ng5 22.f4 Ne4
23.Nxe4 dxe4 24.f5 Nd5 25.Qxh3 f6 26.Qg3 Rac8 27.h4 Kf7 28.g5 Ke7 29.g6 Qa4
30.Kg2 Kd7 31.Rfe2 Rc2 32.Rxc2 Qxc2+ 33.Qf2 Rc8 34.h5 Qd3 35.h6 gxh6 36.Re2 Qd1
37.Qf1 Qd3 38.Qf2 b5 39.Kh2 a5 40.Rd2 Qb3 41.Re2 b4 42.axb4 axb4 43.Kg3 Qd3
44.Kh4 b3 45.Qe1 Qb5 46.Qf2 Ne7 47.d5 Rc2 48.Rxc2 bxc2 49.Qxc2 Nxf5+ 50.Kh3 Ne7
51.Qxe4 Qxb2 52.Qe6+ Kd8 53.g7 Qe5 54.g8=Q+ Nxg8 55.Qxg8+ Kd7 56.Qg7+ Kd6
57.Qxh6 Kxd5 58.Qf4 Qxf4 59.exf4 Kd4 60.Kg3 f5 61.Kh4 Ke3 62.Kg3 Ke4 63.Kg2 Kxf4
64.Kf2 Ke4 65.Ke2 f4 66.Kf2 f3 67.Kf1 Ke3 68.Ke1 f2+ 69.Kf1 Kf3  1/2-1/2

[Event "SCO National Chess Online"]
[Site "chess.com INT"]
[Date "2022.11.19"]
[Round "9"]
[White "Ma,Zhonghan"]
[Black "Wei Yi"]
[Result "1/2-1/2"]
[WhiteElo "2484"]
[BlackElo "2722"]

1.d4 g6 2.e4 Bg7 3.Nf3 d6 4.Be2 Nd7 5.O-O e5 6.dxe5 dxe5 7.Bg5 Ngf6 8.Nc3 h6
9.Be3 O-O 10.Bc4 Qe7 11.h3 c6 12.a4 Nc5 13.Nd2 Rd8 14.Qc1 Ne6 15.Bxe6 Bxe6
16.Nf3 Kh7 17.Re1 Nd7 18.a5 f5 19.exf5 gxf5 20.Ra4 f4 21.Bd2 Nc5 22.Ra3 Qd6
23.b4 Nd7 24.Ne4 Qe7 25.Rd3 Bc4 26.Rc3 Bd5 27.Rd3 Bc4 28.Rc3 Bd5 29.Rd3 Qf8
30.c4 Bxe4 31.Rxe4 Qf5 32.Qe1 Re8 33.Nh4 Qf7 34.Nf3 Qf5 35.Nh4 Qf7 36.Nf3 Kg8
37.Bc3 Qf5 38.Nh4 Qf7 39.Nf3 Qf5 40.Nh4 Qe6 41.Nf3 Re7 42.c5 Rae8 43.Rd6 Qf7
44.Qd1 a6 45.Qd3 Nf8 46.Qe2 Nd7 47.Qd3 Nf8 48.Qe2 Ng6 49.Kh2 Kh7 50.Qd3 Qf5
51.Qe2 Qf7 52.Qd3 Re6 53.Rd7 R8e7 54.Rd6 Qf5 55.Rxe6 Rxe6 56.Qe2 Re7 57.Bb2 Bf6
58.Bc3 Bg7 59.Bb2 Bf6 60.Bc3 Qe6 61.Nd4 Qd7 62.Nf3 Qd5 63.Bb2 Rd7 64.Bc3 Kg8
65.Bb2 Kf7 66.Bc3 Re7 67.Bb2 Rd7 68.Bc3 Kg8 69.Bb2 Kh7 70.Bc3 Rd8 71.Bb2 Rd7  1/2-1/2

[Event "PRO League Prelim 2023"]
[Site "chess.com INT"]
[Date "2023.02.17"]
[Round "1.3"]
[White "Wei Yi"]
[Black "Bok,B"]
[Result "1-0"]
[WhiteElo "2722"]
[BlackElo "2607"]

1.e4 e5 2.d4 exd4 3.Qxd4 Nc6 4.Qc4 Nf6 5.Nc3 Bb4 6.Bd2 O-O 7.O-O-O d6 8.f3 Be6
9.Qe2 Re8 10.a3 Ba5 11.Qe1 Qe7 12.Nge2 Ne5 13.Nd4 c6 14.Kb1 Bd7 15.Qf2 b5
16.g4 Nc4 17.Bxc4 bxc4 18.g5 Nh5 19.Qh4 g6 20.Nd5 cxd5 21.Bxa5 dxe4 22.Bc3 Rab8
23.f4 d5 24.Ka1 Qd6 25.Ne2 e3 26.f5 Bxf5 27.Qd4 f6 28.gxf6 Kf7 29.Ng3 Bxc2
30.Qxa7+ Ke6 31.Ne2 Qb6 32.Qxh7 Bxd1 33.f7 Bxe2 34.Qxg6+ Kd7 35.fxe8=Q+ Rxe8
36.Qxb6  1-0

[Event "PRO League Prelim 2023"]
[Site "chess.com INT"]
[Date "2023.02.17"]
[Round "1.2"]
[White "Wei Yi"]
[Black "Theodorou,Nikolas"]
[Result "1-0"]
[WhiteElo "2722"]
[BlackElo "2584"]

1.e4 c5 2.Nf3 Nc6 3.Bb5 e6 4.O-O Nge7 5.d4 cxd4 6.Nxd4 Ng6 7.Be3 Be7 8.c3 O-O
9.Nd2 a6 10.Bd3 b5 11.Qh5 Bb7 12.Nxc6 dxc6 13.Bc2 e5 14.Nb3 Qc7 15.Nc5 Bxc5
16.Bxc5 Rfd8 17.Rad1 Nf4 18.Qh4 Ne6 19.Be7 Rxd1 20.Rxd1 c5 21.Bd6 Qd8 22.Qh5 Qa5
23.Bxe5 Rd8 24.a3 h6 25.Bd6 c4 26.e5 Bxg2 27.Qf5 g6 28.Qg4 Ba8 29.Bxg6 Ng5
30.Bf5 Qb6 31.h4 Qc6 32.Kh2 Qf3 33.Qxf3 Nxf3+ 34.Kh3 Nxe5 35.Rg1+ Ng6 36.Bc7 Rd2
37.h5 Rxf2 38.Bg4 Rxb2 39.hxg6 fxg6 40.Re1 Kf7 41.Bd6 h5 42.Be6+ Kf6 43.Bd7 Bg2+
44.Kg3 Bd5 45.Rf1+ Kg7 46.Bf8+ Kh7 47.Rd1 Bf7 48.Bc6 g5 49.Rd7 h4+ 50.Kg4 Kg8
51.Rd8 Be6+ 52.Kxg5 Kf7 53.Bh6 h3 54.Rd4 h2 55.Rh4 Rc2 56.Kf4 Rxc3 57.Rxh2 Rxa3
58.Ke5 Bg4 59.Rf2+ Kg6 60.Bc1 Rb3 61.Be4+ Kg7 62.Rg2 Kf7 63.Rxg4 c3 64.Bd5+  1-0

[Event "PRO League Prelim 2023"]
[Site "chess.com INT"]
[Date "2023.02.17"]
[Round "1.1"]
[White "Lee,Alice"]
[Black "Wei Yi"]
[Result "0-1"]
[WhiteElo "2320"]
[BlackElo "2722"]

1.d4 g6 2.e4 Bg7 3.c4 Nc6 4.Nf3 d6 5.Be2 Bg4 6.Be3 e5 7.d5 Bxf3 8.Bxf3 Nd4
9.Nc3 Ne7 10.Be2 O-O 11.O-O f5 12.f3 c5 13.dxc6 bxc6 14.b4 Rb8 15.Rb1 Kh8
16.a4 f4 17.Bf2 g5 18.b5 h5 19.bxc6 Rxb1 20.Qxb1 Nexc6 21.Bd1 Qa5 22.Nb5 Rb8
23.Qd3 Qd8 24.Qd2 a6 25.Nxd4 exd4 26.Bc2 Rb2 27.Rb1 Rxb1+ 28.Bxb1 Qb6 29.Bd3 Be5
30.Qd1 Qd8 31.Qb3 Qc7 32.c5 dxc5 33.Qe6 Qd6 34.Qe8+ Kg7 35.Bc4 Kh6 36.Bd5 Ne7
37.Qf8+ Bg7 38.Qa8 d3 39.Be1 c4 40.h4 c3 41.hxg5+ Kxg5 42.Qe8 d2 43.Bxd2 cxd2  0-1

[Event "PRO League Prelim 2023"]
[Site "chess.com INT"]
[Date "2023.02.17"]
[Round "1.4"]
[White "Dominguez Perez,L"]
[Black "Wei Yi"]
[Result "0-1"]
[WhiteElo "2743"]
[BlackElo "2722"]

1.e4 e5 2.Nf3 Nc6 3.Bb5 a6 4.Ba4 Nf6 5.d3 Bc5 6.c3 d6 7.Bg5 h6 8.Bh4 Ba7
9.Nbd2 Bd7 10.O-O Qe7 11.b4 g5 12.Bg3 h5 13.h4 g4 14.Ne1 d5 15.Nc2 O-O-O
16.Rb1 dxe4 17.dxe4 Be8 18.Qe2 b5 19.Bb3 Qd7 20.Rfd1 Qd3 21.Kf1 Qxc3 22.a3 Rd3
23.Bh2 Rh3 24.Bg1 Rh1 25.Ne3 Nd4  0-1

[Event "PRO League Prelim 2023"]
[Site "chess.com INT"]
[Date "2023.02.21"]
[Round "2.1"]
[White "Bacrot,Alexandre"]
[Black "Wei Yi"]
[Result "0-1"]
[WhiteElo "2387"]
[BlackElo "2722"]

1.e4 c5 2.Nc3 d6 3.g3 Nf6 4.Bg2 g6 5.d3 Bg7 6.h3 Nc6 7.Be3 Rb8 8.f4 O-O 9.Nge2 Nd7
10.O-O b5 11.Qd2 b4 12.Nd1 a5 13.g4 a4 14.Rb1 Nd4 15.g5 Ba6 16.h4 Qc8 17.b3 f5
18.Bxd4 cxd4 19.Nf2 Nc5 20.exf5 Qxf5 21.Bh3 Qd5 22.Bg2 Qf5 23.Bh3 Qf7 24.Bg2 Bb7
25.Bxb7 Rxb7 26.Nh1 Qe6 27.Nhg3 Qg4 28.Kg2 e6 29.Rh1 e5 30.fxe5 Bxe5 31.Rbf1 Rbf7
32.Rxf7 Rxf7 33.Qe1 Rf3 34.Rf1 Re3 35.Qf2 Rxe2 36.Qxe2 Qxg3+ 37.Kh1 Qxh4+
38.Kg1 Qxg5+ 39.Kh1 Qh6+ 40.Kg1 Qe3+ 41.Qxe3 dxe3 42.bxa4 Bc3  0-1

[Event "PRO League Prelim 2023"]
[Site "chess.com INT"]
[Date "2023.02.21"]
[Round "2.2"]
[White "Wei Yi"]
[Black "Lagno,Kateryna"]
[Result "1-0"]
[WhiteElo "2722"]
[BlackElo "2560"]

1.d4 Nf6 2.c4 g6 3.h4 c6 4.Nc3 d5 5.cxd5 cxd5 6.Bf4 Qb6 7.e3 Qxb2 8.Qc1 Qxc1+
9.Rxc1 Bd7 10.Nb5 Na6 11.Nf3 Ne4 12.Ne5 f6 13.Nxd7 Kxd7 14.Nc7 Nxc7 15.Rxc7+ Ke6
16.Rxb7 Rc8 17.Bc7 a5 18.Ba6 Bh6 19.Ke2 Nd6 20.Ra7 Ra8 21.Rxa8 Rxa8 22.Bd3 Ra7
23.Rc1 Kd7 24.Bxd6 Kxd6 25.Rc8 e5 26.Rd8+ Ke6 27.dxe5 fxe5 28.Bb5 a4 29.Bc6 Ra5
30.g4 Bg7 31.Rg8 Kf7 32.Rb8 d4 33.Rb7+ Kf8 34.e4 Bf6 35.g5 Be7 36.Bd5 Rc5
37.Rb8+  1-0

[Event "PRO League Prelim 2023"]
[Site "chess.com INT"]
[Date "2023.02.22"]
[Round "2.3"]
[White "Vachier Lagrave,M"]
[Black "Wei Yi"]
[Result "1-0"]
[WhiteElo "2737"]
[BlackElo "2722"]

1.e4 e5 2.Nf3 Nc6 3.Bb5 a6 4.Ba4 Nf6 5.O-O Bc5 6.c3 b5 7.Bb3 d6 8.d4 Bb6
9.a4 Bb7 10.Re1 O-O 11.Bg5 h6 12.Bh4 exd4 13.cxd4 g5 14.Nxg5 hxg5 15.Bxg5 Nxd4
16.Bd5 c6 17.Re3 Kg7 18.Rg3 Rg8 19.Bxf6+ Kxf6 20.Rf3+ Ke5 21.Rxf7 cxd5 22.Qh5+ Rg5
23.f4+ Ke6 24.fxg5 Qh8 25.Qg6+ Ke5 26.Re7+ Kf4 27.Qxd6+ Kg4 28.h3+ Kh5 29.Qxb6  1-0

[Event "PRO League Prelim 2023"]
[Site "chess.com INT"]
[Date "2023.02.22"]
[Round "2.4"]
[White "Wei Yi"]
[Black "Grischuk,A"]
[Result "1-0"]
[WhiteElo "2722"]
[BlackElo "2745"]

1.e4 e6 2.d4 d5 3.Nd2 c5 4.exd5 Qxd5 5.Ngf3 cxd4 6.Bc4 Qd6 7.O-O Nf6 8.Nb3 Nc6
9.Nbxd4 Nxd4 10.Nxd4 Be7 11.c3 O-O 12.Qf3 Qc7 13.Bb3 e5 14.Nf5 Bxf5 15.Qxf5 a5
16.Bg5 Ra6 17.Rfe1 e4 18.Bc2 g6 19.Qf4 Qxf4 20.Bxf4 Rb6 21.Rab1 Rc8 22.Bxe4 Nxe4
23.Rxe4 Bf6 24.Be3 Rb5 25.a4 Rb3 26.Re1 Kg7 27.Bc1 b5 28.axb5 Rxb5 29.h4 h5
30.Kf1 Rc6 31.Rd1 Ra6 32.Ra4 Re6 33.g3 Kg8 34.Rd7 Rbe5 35.Be3 Rb5 36.Ra2 Ra6
37.Ke2 a4 38.Kd3 Rba5 39.Ra3 Ra8 40.Kc2 R5a6 41.Rd5 Bg7 42.Ra1 Rc6 43.Bc5 Re6
44.Rad1 Bh6 45.Rd8+ Rxd8 46.Rxd8+ Kh7 47.Kd1 Rc6 48.Bd4 Bg7 49.Kc2 Ra6 50.Bc5 Rc6
51.Bb4 Re6 52.Kd1 Rf6 53.f4 Re6 54.Kd2 Ra6 55.Kd3 Bf6 56.Rd5 Kg7 57.Ra5 Re6
58.Rxa4 Re1 59.Bc5 Rf1 60.Ke2 Rc1 61.Rb4 Rc2+ 62.Kf3 Kg8 63.Rb8+ Kg7 64.Be3 Kh7
65.Rb6 Bg7 66.Rb7 Kg8 67.Bc5 Bf6 68.Bf2 Kg7 69.Be1 Kg8 70.Ke3 Kg7 71.Bd2  1-0

[Event "PRO League Prelim 2023"]
[Site "chess.com INT"]
[Date "2023.03.03"]
[Round "3.2"]
[White "Wei Yi"]
[Black "Kashlinskaya,A"]
[Result "1-0"]
[WhiteElo "2722"]
[BlackElo "2483"]

1.d4 Nf6 2.c4 g6 3.Nc3 Bg7 4.e4 d6 5.h3 O-O 6.Bg5 c5 7.d5 h6 8.Be3 e6 9.Nf3 exd5
10.cxd5 Re8 11.Bd3 Na6 12.Nd2 Nc7 13.a4 a6 14.O-O Nd7 15.Nc4 Ne5 16.Nxe5 Rxe5
17.f4 Re8 18.Qd2 f5 19.e5 dxe5 20.Bxc5 Kh7 21.Bc4 Ne6 22.Be3 Nxf4 23.d6 Bd7
24.Rad1 Rc8 25.b3 Qg5 26.Kh2 Qh4 27.Nd5 Nxd5 28.Qxd5 f4 29.Bf2 Qg5 30.Qe4 b5
31.axb5 axb5 32.Bd5 Bf5 33.Qe1 e4 34.Bh4 Qh5 35.Rxf4 Be5 36.Bg3 Bxf4 37.Bxf4 Rc2
38.Rd2 Rxd2 39.Qxd2 Bd7 40.b4 Qf5 41.Bb3 g5 42.Bg3 h5 43.h4 gxh4 44.Bxh4 e3
45.Qa2 Qg4 46.Bc2+ Kh6 47.Be1 Rg8 48.Be4 Rg7 49.Qd5 Qf4+ 50.g3 Qg5 51.Qa8 Rg8
52.Qb7 Qg7 53.Qb6 Qe5 54.Qxe3+ Qg5 55.Qd4 Qg4 56.Bd2+ Rg5 57.Qf6+  1-0

[Event "PRO League Prelim 2023"]
[Site "chess.com INT"]
[Date "2023.03.03"]
[Round "3.3"]
[White "Wei Yi"]
[Black "Fedoseev,Vl3"]
[Result "0-1"]
[WhiteElo "2722"]
[BlackElo "2674"]

1.d4 d5 2.c4 e6 3.Nf3 Nf6 4.Nc3 c6 5.Bg5 h6 6.Bh4 Be7 7.e3 Nbd7 8.Qc2 O-O
9.O-O-O b5 10.c5 b4 11.Na4 a5 12.Kb1 Ba6 13.Bxa6 Rxa6 14.Rhg1 Ne4 15.Bxe7 Qxe7
16.Ne5 Nxe5 17.dxe5 f6 18.f3 Ng5 19.h4 Nf7 20.exf6 Qxf6 21.Nb6 Ra7 22.e4 Qxh4
23.exd5 exd5 24.Rge1 Re7 25.g3 Qf6 26.Rxe7 Qxe7 27.f4 Re8 28.Qd3 Qxc5  0-1

[Event "PRO League Prelim 2023"]
[Site "chess.com INT"]
[Date "2023.03.03"]
[Round "3.1"]
[White "Bortnyk,Mykola"]
[Black "Wei Yi"]
[Result "0-1"]
[WhiteElo "2442"]
[BlackElo "2722"]

1.e4 c5 2.c3 Nf6 3.e5 Nd5 4.Nf3 d6 5.d4 cxd4 6.cxd4 Nc6 7.Bc4 dxe5 8.Bxd5 Qxd5
9.Nc3 Qd6 10.d5 Nd4 11.Nxd4 exd4 12.Qxd4 e5 13.Qe4 Be7 14.O-O O-O 15.Nb5 Qb8
16.Rd1 Bd6 17.Bd2 Re8 18.Rac1 Bd7 19.Nxd6 Qxd6 20.Bb4 Qb6 21.Bc5 Qa6 22.a3 Rac8
23.h4 h5 24.Rc3 b6 25.Bb4 Rxc3 26.Bxc3 Qa4 27.Re1 f6 28.Bb4 a5 29.Bd6 Qxe4
30.Rxe4 Rc8 31.f4 Bf5 32.Re3 Rc1+ 33.Kh2 e4 34.Bb8 Rd1 35.d6 Kf7 36.Bc7 a4
37.Kg3 b5 38.Kf2 Ke6 39.b3 Kd7 40.bxa4 bxa4 41.Rg3 g6 42.Rc3 Rd2+ 43.Kf1 Bg4
44.Bb8 Ke6 45.g3 f5 46.Ke1 Rd1+ 47.Kf2 Rb1 48.Bc7 Rb2+ 49.Ke1 Re2+ 50.Kf1 Rd2
51.Ke1 Rd1+ 52.Kf2 Kd7 53.Bb8 Ke6 54.Ke3 Rd5 55.Kf2 Rb5 56.Ke3 Rxb8  0-1

[Event "PRO League Prelim 2023"]
[Site "chess.com INT"]
[Date "2023.03.09"]
[Round "4.4"]
[White "Yilmaz,M"]
[Black "Wei Yi"]
[Result "0-1"]
[WhiteElo "2629"]
[BlackElo "2722"]

1.d4 Nf6 2.c4 e6 3.Nf3 d5 4.Nc3 c5 5.cxd5 cxd4 6.Qxd4 exd5 7.e4 dxe4 8.Qxd8+ Kxd8
9.Ng5 Be6 10.Nxe6+ fxe6 11.Bg5 Nc6 12.O-O-O+ Ke8 13.Kb1 Be7 14.Bc4 Kf7 15.Bxf6 gxf6
16.Nxe4 Rhd8 17.f4 Nd4 18.Ng3 Rac8 19.Bd3 f5 20.Ne2 Nc6 21.a3 Bf6 22.Bc4 Nd4
23.Bd3 Nb3 24.g3 Rc6 25.Bb5 Nd2+ 26.Ka1 Rb6 27.a4 a6  0-1

[Event "PRO League Prelim 2023"]
[Site "chess.com INT"]
[Date "2023.03.09"]
[Round "4.2"]
[White "Wei Yi"]
[Black "Saric,A"]
[Result "1-0"]
[WhiteElo "2722"]
[BlackElo "2510"]

1.d4 d5 2.c4 c6 3.Nf3 Nf6 4.Nc3 g6 5.e3 Bg7 6.Be2 O-O 7.O-O Bg4 8.cxd5 cxd5
9.Qb3 Bc8 10.Ne5 e6 11.Bd2 Nfd7 12.f4 Nc6 13.Rac1 Qb6 14.Qxb6 Nxb6 15.Nb5 Bd7
16.Nd6 Nxe5 17.fxe5 Bc6 18.Bb4 Nc8 19.Nxb7 Bxb7 20.Rc7 Rb8 21.Bxf8 Bxf8 22.Rfxf7 Bc6
23.Bg4 Bh6 24.Bxe6 Bxe3+ 25.Kh1 Ne7 26.Rfxe7+ Kf8 27.Rxh7  1-0

[Event "PRO League Prelim 2023"]
[Site "chess.com INT"]
[Date "2023.03.09"]
[Round "4.1"]
[White "Sukandar,I"]
[Black "Wei Yi"]
[Result "1-0"]
[WhiteElo "2389"]
[BlackElo "2722"]

1.e4 c5 2.Nf3 d6 3.Bb5+ Nd7 4.Ba4 Nf6 5.d3 e6 6.O-O Be7 7.c4 O-O 8.Nc3 Ne5
9.h3 Qc7 10.Be3 Rd8 11.Rc1 b6 12.a3 Bb7 13.b4 Rac8 14.Qe2 Qb8 15.Nd2 d5 16.exd5 exd5
17.Bf4 Bd6 18.bxc5 Nf3+ 19.Nxf3 Bxf4 20.Rb1 Rxc5 21.Rfe1 d4 22.Na2 h5 23.Nb4 g5
24.Nc2 g4 25.hxg4 hxg4 26.Nfxd4 Rh5 27.Bc6 Bh2+ 28.Kf1 Be5 29.Qe3 Kg7 30.Rb5 Bf4
31.Qe7 Rh1+ 32.Ke2 Rxe1+ 33.Kxe1 Bxc6 34.Ne6+ Kg6 35.Nxd8 Bxb5 36.Qxf7+ Kf5
37.Nd4+ Kg5 38.N8e6+  1-0

[Event "PRO League Prelim 2023"]
[Site "chess.com INT"]
[Date "2023.03.09"]
[Round "4.3"]
[White "Wei Yi"]
[Black "Durarbayli,Vasif"]
[Result "1-0"]
[WhiteElo "2722"]
[BlackElo "2635"]

1.e4 e5 2.Nf3 Nc6 3.Bb5 a6 4.Ba4 Nf6 5.O-O Be7 6.d3 b5 7.Bb3 d6 8.a3 O-O
9.Nc3 Na5 10.Ba2 Be6 11.b4 Bxa2 12.Rxa2 Nc6 13.Bg5 Ng4 14.Bd2 Nf6 15.Re1 Re8
16.Qb1 Qd7 17.Qb3 h6 18.a4 Rab8 19.axb5 axb5 20.Ra6 Bf8 21.Nd5 Nxd5 22.Qxd5 Nd8
23.Rea1 c6 24.Qb3 Ne6 25.Be3 Rb7 26.Ra7 Reb8 27.h3 Be7 28.Rxb7 Rxb7 29.d4 exd4
30.Nxd4 Nxd4 31.Ra8+ Bf8 32.Bxd4 Qe7 33.Qc3 Kh7 34.e5 Rd7 35.Qxc6 dxe5 36.Bc5 Rd1+
37.Kh2 Qh4 38.Rxf8 Qf4+ 39.g3 Qf5 40.Qa8 e4 41.Rh8+ Kg6 42.Qc6+ f6 43.Qe8+  1-0

[Event "Chessable Play-In Match"]
[Site "chess.com INT"]
[Date "2023.03.13"]
[Round "1.2"]
[White "Wei Yi"]
[Black "Yakubboev,Nodirbek"]
[Result "1-0"]
[WhiteElo "2722"]
[BlackElo "2630"]

1.d4 Nf6 2.c4 g6 3.Nc3 Bg7 4.e4 d6 5.h3 O-O 6.Bg5 c5 7.d5 e6 8.Nf3 h6 9.Be3 exd5
10.cxd5 b5 11.Bxb5 Nxe4 12.Nxe4 Qa5+ 13.Nfd2 Qxb5 14.Nxd6 Qxb2 15.Rc1 Qxa2
16.N2c4 Ba6 17.O-O Nd7 18.Re1 Rad8 19.Re2 Bxc4 20.Rxa2 Bxa2 21.Nb7 Rb8 22.Na5 Nb6
23.Nc6 Rb7 24.Bxc5 Re8 25.Nb4 Bb2 26.Nxa2 Bxc1 27.Nxc1 Nd7 28.Be3  1-0

[Event "Chessable Play-In Match"]
[Site "chess.com INT"]
[Date "2023.03.13"]
[Round "1.1"]
[White "Yakubboev,Nodirbek"]
[Black "Wei Yi"]
[Result "1/2-1/2"]
[WhiteElo "2630"]
[BlackElo "2722"]

1.Nf3 d5 2.g3 e6 3.Bg2 Be7 4.c4 Nf6 5.O-O O-O 6.b3 b6 7.Bb2 Bb7 8.cxd5 Nxd5
9.d4 c5 10.dxc5 Bxc5 11.Nbd2 Qe7 12.Ne4 Ne3 13.fxe3 Bxe4 14.Bd4 Nc6 15.Bxc5 bxc5
16.Qc1 Nb4 17.Qc4 Bb7 18.Kf2 a5 19.a3 Nd5 20.Rac1 Rfc8 21.Rfd1 Ba6 22.Qh4 Qb7
23.e4 Nf6 24.Nd2 Qb6 25.Nc4 Qxb3 26.Rd3 Qb8 27.e5 Nd5 28.Bxd5 exd5 29.Rxd5 h6
30.Qf4 Rc7 31.Nd6 Qb2 32.Qd2 Qxa3 33.Nf5 Rf8 34.Rd8 c4 35.Rxf8+ Qxf8 36.Qxa5 Qc5+
37.Qxc5 Rxc5 38.Nd6 c3 39.Ne4 Rxe5 40.Nxc3 Rf5+ 41.Ke3 Kh7 42.Ra1 Bc4 43.Ra4 Be6
44.Rf4 Rc5 45.Kd2 h5 46.h4 f6 47.Rd4 Bg4 48.Ne4 Ra5 49.Ke3 Ra2 50.Rd2 Ra4
51.Nf2 Bf5 52.Kf3 Ra3+ 53.Nd3 Bg4+ 54.Kf2 Kh6 55.Nf4 Ra8 56.Rd6 Re8 57.Rb6 Re7
58.Rd6 Kh7 59.Rd2 Re5 60.Ng2 Rf5+ 61.Kg1 Ra5 62.Ne3 Be6 63.Kf2 Kg8 64.Rd6 Kf7
65.Rb6 Ra7 66.Ng2 Bg4 67.Ne3 Bh3 68.Rb5 Kg6 69.Nd5 Bg4 70.Nf4+ Kh6 71.Rb6 Kh7
72.Rb2 Ra5 73.Rd2 Ra8 74.Kg2 Ra3 75.Kf2 g5 76.Nd5 Kg7 77.Ne3 Be6 78.Rd6 Kf7
79.Rd4 Ra6 80.Rb4 Kg6 81.Re4 Rc6 82.Rd4 Rb6 83.Re4 Rd6 84.Rb4 Bd7 85.Rc4 Bb5
86.Rb4 Ba6 87.Ke1 Re6 88.Kf2 Rd6 89.Ke1 Kf7 90.Ra4 Kg6 91.Ra5 Bb7 92.Rb5 Bc8
93.Rb4 Be6 94.Kf2 Ra6 95.Rd4 Kf7 96.Rb4 Bd7 97.Rd4 Be6  1/2-1/2

[Event "PRO League KO 2023"]
[Site "chess.com INT"]
[Date "2023.05.12"]
[Round "1.2"]
[White "Wei Yi"]
[Black "Abdrlauf,Elham"]
[Result "1/2-1/2"]
[WhiteElo "2722"]
[BlackElo "2518"]

1.e4 c5 2.Nf3 e6 3.d4 cxd4 4.Nxd4 Nc6 5.Nc3 Qc7 6.Be3 a6 7.Qf3 Ne5 8.Qg3 h5
9.O-O-O h4 10.Qh3 Ng6 11.Bd3 Nf6 12.Kb1 b5 13.Rhe1 Bb7 14.Bg5 Bc5 15.Nf5 exf5
16.exf5+ Ne7 17.Bxf6 gxf6 18.Be4 O-O-O 19.Bxb7+ Kxb7 20.Ne4 d5 21.Nxf6 Bxf2
22.Re2 Bc5 23.Qf3 Rh6 24.Nxd5 Nxd5 25.Rxd5 Rxd5 26.Qxd5+ Kb6 27.a3 Rd6 28.Qb3 Qd7
29.Re5 Rd1+ 30.Ka2 Qd6 31.Re4 Qd5 32.Qxd5 Rxd5 33.Rxh4 Rxf5 34.Rh6+ Kb7 35.g4 Rf2
36.Kb3 Rf3+ 37.Ka2 Bb6 38.h3 Bc7 39.h4 f6 40.Rh7 Kc6 41.Rf7 Be5 42.g5 Rg3
43.gxf6 Rf3 44.Ra7 Kb6 45.Re7 Bxf6 46.Re6+ Kb7 47.h5 Bg5 48.Rg6 Bd8 49.h6 Rh3
50.Rg7+ Bc7 51.h7 Kc6 52.c3 a5 53.Rf7 Bd6 54.Rg7 Rh2 55.Ra7 a4 56.Rf7 Bc7
57.Re7 Bf4 58.Kb1 Rh1+ 59.Ka2 Bd6 60.Rf7 Rh2 61.Kb1 Bc5 62.Rg7 Kd5 63.Ka2 Be3
64.Rd7+ Kc6 65.Rf7 Bc1 66.Kb1 Bg5 67.Rg7 Bf4 68.Rf7 Bd6 69.Ka2 Be5 70.Kb1 Kd5
71.Re7 Bd6 72.Rd7 Kc5 73.Rg7 Kc4 74.Ka2 Be5 75.Re7 Kd5 76.Kb1 Kd6 77.Rb7 Kc6
78.Re7 Bd6 79.Rf7 Bb8 80.Rg7 Be5 81.Re7 Bd6 82.Rg7 Rh1+ 83.Ka2 Bc5 84.Rg6+ Kb7
85.Rg5 Kb6 86.Rg6+ Ka5 87.Rg7 Ka6 88.Rg6+ Bb6 89.Rg7 Rh2 90.Kb1 Bc5 91.Rg6+ Kb7
92.Rg7+ Kc6 93.Rg6+ Bd6 94.Rg7 Rh1+ 95.Ka2 Kd5 96.Rd7 Rh2 97.Kb1 Kc6 98.Rg7  1/2-1/2

[Event "PRO League KO 2023"]
[Site "chess.com INT"]
[Date "2023.05.12"]
[Round "1.4"]
[White "Wei Yi"]
[Black "Eljanov,P"]
[Result "1/2-1/2"]
[WhiteElo "2722"]
[BlackElo "2705"]

1.e4 c6 2.c4 d5 3.exd5 cxd5 4.d4 Nf6 5.Nc3 e6 6.Nf3 Bb4 7.Bd3 dxc4 8.Bxc4 O-O
9.O-O b6 10.Qe2 Bb7 11.Rd1 Nbd7 12.d5 exd5 13.Nxd5 Re8 14.Be3 Bxd5 15.Bxd5 Nxd5
16.Rxd5 Qe7 17.Qb5 Nf6 18.Re5 Qf8 19.Rc1 Bd6 20.Rxe8 Qxe8 21.Qxe8+ Rxe8 22.g3 Ne4
23.Nd4 Bc5 24.a3 a5 25.Kg2 f6 26.Rc2 h5 27.h4 Kf7 28.Nf5 Re5 29.Bxc5 Rxc5
30.Re2 Rxf5 31.Rxe4 Rc5 32.b4 Rc3 33.bxa5 bxa5 34.Ra4 Rc5 35.Re4 f5 36.Re3 Rb5
37.f4 Rb2+ 38.Kf1 Ra2 39.Ke1 Kf6 40.Kd1 g6 41.Kc1 a4 42.Kd1 Kf7 43.Kc1 Kf6
44.Kd1 Kf7 45.Kc1 Kf6  1/2-1/2

[Event "PRO League KO 2023"]
[Site "chess.com INT"]
[Date "2023.05.12"]
[Round "1.3"]
[White "Pranav,V"]
[Black "Wei Yi"]
[Result "0-1"]
[WhiteElo "2597"]
[BlackElo "2722"]

1.e4 e5 2.Nf3 Nc6 3.Bb5 a6 4.Ba4 Nf6 5.O-O Bc5 6.d3 d6 7.c3 O-O 8.Nbd2 Ba7
9.h3 Ne7 10.Re1 Ng6 11.Nf1 c6 12.d4 exd4 13.cxd4 d5 14.e5 Ne4 15.Bc2 f5 16.Ng3 Nh4
17.Nh2 c5 18.Ne2 cxd4 19.Bd3 Nxg2 20.Kxg2 Qh4 21.Rf1 f4 22.Ng1 Bxh3+ 23.Nxh3 f3+
24.Nxf3 Qg4+ 25.Kh2 Rxf3 26.Qxf3 Qxf3 27.Nf4 Nxf2 28.Be2 Ng4+  0-1

[Event "PRO League KO 2023"]
[Site "chess.com INT"]
[Date "2023.05.12"]
[Round "1.1"]
[White "Batsiashvili,N"]
[Black "Wei Yi"]
[Result "0-1"]
[WhiteElo "2467"]
[BlackElo "2722"]

1.d4 g6 2.c4 Bg7 3.Nc3 d6 4.e4 Nc6 5.Be3 e5 6.d5 Nce7 7.c5 f5 8.cxd6 cxd6
9.Bb5+ Kf7 10.Nf3 h6 11.exf5 gxf5 12.Qc2 Nf6 13.h3 Bd7 14.Bxd7 Qxd7 15.Qb3 f4
16.Bd2 Nf5 17.O-O e4 18.Nh2 f3 19.Rfe1 Rae8 20.Qb5 Qxb5 21.Nxb5 fxg2 22.Kxg2 Nxd5
23.Rad1 Rhg8 24.Kh1 a6 25.Bc1 axb5 26.Rxd5 Re5 27.Rxe5 Bxe5 28.Ng4 Rc8 29.Nxe5+ dxe5
30.Bd2 Rc2 31.Bc3 Rxf2 32.Bxe5 e3 33.Kg1 Ke6 34.Bc3 Rc2 35.a3 Kd5 36.Rd1+ Ke4
37.Rd8 Nh4 38.Re8+ Kf3 39.Rf8+ Kg3 40.Rg8+ Kxh3  0-1

[Event "PRO League KO 2023"]
[Site "chess.com INT"]
[Date "2023.05.13"]
[Round "2.1"]
[White "Pranesh,M"]
[Black "Wei Yi"]
[Result "1-0"]
[WhiteElo "2493"]
[BlackElo "2722"]

1.e4 c6 2.d4 d5 3.e5 Bf5 4.Nf3 e6 5.Be2 Nd7 6.O-O Ne7 7.a4 Ng6 8.c3 f6 9.exf6 Qxf6
10.a5 Bd6 11.Bg5 Qf7 12.Nh4 O-O 13.a6 b6 14.Nd2 e5 15.Nxf5 Qxf5 16.Be3 Nf6
17.Nb3 e4 18.f3 Nh4 19.f4 Qg6 20.g3 Nf5 21.Bc1 Rae8 22.Rf2 e3 23.Rg2 Ne4
24.Bh5 Qh6 25.Bxe8 Rxe8 26.Qf3 Qh3 27.Re2 Nf6 28.Bxe3 Qg4 29.Rf1 h5 30.Nd2 Qg6
31.Bf2 Rf8 32.Re6 Qf7 33.Re2 Qg6 34.Rfe1 h4 35.Re6 Rd8 36.Nf1 Qf7 37.R6e2 Qg6
38.Ne3 hxg3 39.hxg3 Nh6 40.c4 Kh7 41.cxd5 c5 42.dxc5 Bxc5 43.Nc4 Bb4 44.Rd1 Nhg4
45.Ne5 Qh5 46.Nxg4 Nxg4 47.Qh1 Qxh1+ 48.Kxh1 Re8 49.Rc2 Rc8 50.Re2 Re8 51.Rxe8 Nxf2+
52.Kh2 Nxd1 53.Ra8  1-0

[Event "PRO League KO 2023"]
[Site "chess.com INT"]
[Date "2023.05.13"]
[Round "2.2"]
[White "Wei Yi"]
[Black "Vaishali,Rameshbabu"]
[Result "1-0"]
[WhiteElo "2722"]
[BlackElo "2418"]

1.e4 c5 2.Nf3 d6 3.d4 cxd4 4.Nxd4 Nf6 5.Nc3 Nc6 6.Bg5 g6 7.Bxf6 exf6 8.Bb5 Bd7
9.Bc4 Bg7 10.Nxc6 Bxc6 11.O-O O-O 12.Nd5 Re8 13.Qd3 Bd7 14.Rfe1 f5 15.exf5 Bxf5
16.Qb3 Be6 17.c3 Rc8 18.Ne3 Bxc4 19.Nxc4 Qd7 20.Rxe8+ Rxe8 21.Rd1 Re6 22.Ne3 h5
23.Qd5 Qc6 24.Qd3 Qa4 25.Ra1 h4 26.h3 Qf4 27.Nd5 Qe5 28.Ne3 a6 29.Rd1 Qf4
30.Nd5 Qa4 31.Ra1 Qc6 32.a4 Re5 33.Nb4 Qe8 34.Kf1 Qe6 35.Rd1 Bf8 36.Nd5 Bg7
37.b4 Re4 38.Ne3 Rf4 39.Kg1 Be5 40.Nd5 Rf5 41.c4 Rg5 42.Re1 Qf5 43.Qxf5 gxf5
44.f4 Bd4+ 45.Kf1 Rh5 46.Re7 Kg7 47.Rxb7 Rh8 48.Ke2 Re8+ 49.Re7 Rc8 50.Kd3 Bf2
51.Re2 Bg1 52.a5 Kh6 53.Ra2 Kh5 54.b5 Rg8 55.Re2 Rg3+ 56.Ne3 axb5 57.cxb5 d5
58.a6 d4 59.Kxd4 Rg8 60.a7 Rd8+ 61.Kc5  1-0

[Event "PRO League KO 2023"]
[Site "chess.com INT"]
[Date "2023.05.13"]
[Round "2.3"]
[White "Wei Yi"]
[Black "Sadhwani,Raunak"]
[Result "1-0"]
[WhiteElo "2722"]
[BlackElo "2627"]

1.e4 e5 2.Nf3 Nc6 3.Bb5 a6 4.Ba4 Nf6 5.O-O Be7 6.Re1 b5 7.Bb3 O-O 8.a4 b4
9.d4 d6 10.dxe5 Nxe5 11.Bf4 Bg4 12.Nbd2 Nfd7 13.h3 Bxf3 14.Nxf3 Nxf3+ 15.Qxf3 Bf6
16.c3 Rb8 17.Bc4 bxc3 18.bxc3 a5 19.Bb5 Qe7 20.Bxd7 Qxd7 21.e5 dxe5 22.Bxe5 Rb6
23.Rad1 Qxa4 24.Bxc7 Rc6 25.Bxa5 h6 26.Bb4 Rfc8 27.Rd3 Qb3 28.Rde3 Kh7 29.h4 Qc2
30.Re4 Re6 31.Rxe6 fxe6 32.Re3 Bxh4 33.Rxe6 Rd8 34.g3 Bf6 35.Kg2 Qd3 36.Re3 Qc2
37.Re4 Qb3 38.Qf5+ Kg8 39.Qf3 Kh7 40.Kh2 Kh8 41.Be7 Bxe7 42.Rxe7 Qc4 43.Qe3 Qb5
44.Qe4 Rf8 45.Kg2 Qc5 46.Qe3 Qc6+ 47.Kg1 Qf6 48.Re4 Qg6 49.c4 Rc8 50.Kg2 Qc6
51.Kh2 Rf8 52.Rf4 Rc8 53.Re4 Rf8 54.Rd4 Rc8 55.Qf4 Kg8 56.Qe5 Rf8 57.f4 Kh8
58.Rd6 Qxc4 59.Rxh6+ Kg8 60.Rd6 Qf7 61.Kh3 Re8 62.Qg5 Qc7 63.Qd5+ Qf7 64.Qg5 Qc7
65.Qd5+ Qf7 66.Kg4 Qxd5 67.Rxd5 Re7 68.Kg5 Kf7 69.f5 Ra7 70.g4 Ra6 71.Rd7+ Kg8
72.Re7 Kf8 73.Re6 Ra4 74.Kh5 Kf7 75.Rb6 Ra5 76.Rb7+ Kf8 77.g5 Rxf5 78.Kg6 Ra5
79.Rb8+ Ke7 80.Rg8 Rb5 81.Ra8 Rc5 82.Ra7+ Kf8 83.Ra8+ Ke7 84.Rb8 Ra5 85.Rg8 Rb5
86.Rxg7+ Kf8 87.Ra7 Rb8 88.Kh7 Rb1 89.Ra8+ Ke7 90.g6  1-0